The singing line. (Record no. 63954)

MARC details
000 -LEADER
fixed length control field 00688cam a22002171 4500
001 - CONTROL NUMBER
control field sa 65004790
003 - CONTROL NUMBER IDENTIFIER
control field DLC
005 - DATE AND TIME OF LATEST TRANSACTION
control field 20260227112133.0
008 - FIXED-LENGTH DATA ELEMENTS--GENERAL INFORMATION
fixed length control field 771028s1964 ii a 000 0 eng
010 ## - LIBRARY OF CONGRESS CONTROL NUMBER
LC control number sa 65004790
035 ## - SYSTEM CONTROL NUMBER
System control number (OCoLC)3377259
040 ## - CATALOGING SOURCE
Original cataloging agency DLC
Transcribing agency MnMohC
Modifying agency DLC
042 ## - AUTHENTICATION CODE
Authentication code premarc
050 00 - LIBRARY OF CONGRESS CALL NUMBER
Classification number NC1255.H4
Item number A8
100 1# - MAIN ENTRY--PERSONAL NAME
Personal name Hebbar, Kattingeri Krishna,
Dates associated with a name 1911-1996.
245 14 - TITLE STATEMENT
Title The singing line.
Statement of responsibility, etc. Drawings by Hebbar. Words by Mulk Raj Anand.
260 ## - PUBLICATION, DISTRIBUTION, ETC.
Place of publication, distribution, etc. [Bombay,
Name of publisher, distributor, etc. Published by G. S. Pohekar for Western Printers & Publishers,
Date of publication, distribution, etc. 1964]
300 ## - PHYSICAL DESCRIPTION
Extent 1 v.
Other physical details ( chiefly illus.)
Dimensions 28 cm.
490 0# - SERIES STATEMENT
Series statement A Peacock publication
700 1# - ADDED ENTRY--PERSONAL NAME
Personal name Anand, Mulk Raj,
Dates associated with a name 1905-2004.

No items available.

Powered by Koha